000 00276nas a22000973 4500
082 _a388.0049
_bJAC
_cD
245 0 0 _aTransport and Road Research Laboratory. TRRL report. Crowthorne, Eng.
526 _a0
_b0
_c0
_d388_004900000000000_JAC
650 _aMCE
_9379
942 _2ddc
_cBK
999 _c543086
_d543086